Monseñor Romero verdadero profeta
Saved in:
| Main Author: | |
|---|---|
| Format: | Text |
| Published: |
Managua:
Instituto Histórico Centroamericano
|
| Tags: |
Add Tag
No Tags, Be the first to tag this record!
|
MARC
| LEADER | 00000 a a2200000 04500 | ||
|---|---|---|---|
| 001 | 20418 | ||
| 003 | |||
| 040 | |||
| 090 | |a 085400 | ||
| 100 | |a Sobrino, Jon | ||
| 245 | |a Monseñor Romero verdadero profeta | ||
| 260 | |a Managua: |b Instituto Histórico Centroamericano | ||
| 300 | |a 63 p. | ||
| 999 | |c 14630 |d 14630 | ||
